000 00355nam a22001217a 4500
008 180427b xxu||||| |||| 00| 0 eng d
041 _aeng
080 _a043.3
100 _a0
101 _aSHKI-BA
245 _aInfrastruktura dhe Sherbimet Komunikuese ne nje Korporate te Madhesise se mesme - Aplikimi ne Biznesin e Shitjes
_cHykaj, Q
942 _2udc
_cBK
999 _c45617
_d45617